Coffee dates for couples / (Record no. 6961)
[ view plain ]
| 000 -LEADER | |
|---|---|
| fixed length control field | 00856cam a22002657a 4500 |
| 001 - CONTROL NUMBER | |
| control field | 14657132 |
| 003 - CONTROL NUMBER IDENTIFIER | |
| control field | OSt |
| 005 - DATE AND TIME OF LATEST TRANSACTION | |
| control field | 20190121200124.0 |
| 008 - FIXED-LENGTH DATA ELEMENTS--GENERAL INFORMATION | |
| fixed length control field | 061205s2006 aru 000 0 eng |
| 010 ## - LIBRARY OF CONGRESS CONTROL NUMBER | |
| LC control number | 2006285776 |
| 020 ## - INTERNATIONAL STANDARD BOOK NUMBER | |
| International Standard Book Number | 1572298944 (pbk.) |
| 040 ## - CATALOGING SOURCE | |
| Original cataloging agency | DLC |
| Transcribing agency | DLC |
| 050 00 - LIBRARY OF CONGRESS CALL NUMBER | |
| Classification number | MLCS 2009/42004 (B) |
| 082 ## - DEWEY DECIMAL CLASSIFICATION NUMBER | |
| Classification number | 306.87 |
| Item number | B835s |
| 100 1# - MAIN ENTRY--PERSONAL NAME | |
| Personal name | Breitenstein, Janel. |
| 245 10 - TITLE STATEMENT | |
| Title | Coffee dates for couples / |
| Statement of responsibility, etc. | [authors, Janel Breitenstein, Margie Clark, and Amy L. Bradford]. |
| 260 ## - PUBLICATION, DISTRIBUTION, ETC. | |
| Place of publication, distribution, etc. | Little Rock, Ark. : |
| Name of publisher, distributor, etc. | FamilyLife Pub., |
| Date of publication, distribution, etc. | c2006. |
| 300 ## - PHYSICAL DESCRIPTION | |
| Extent | 112 p. ; |
| Dimensions | 14 cm. |
| 490 0# - SERIES STATEMENT | |
| Series statement | Simply romantic |
| 700 1# - ADDED ENTRY--PERSONAL NAME | |
| Personal name | Clark, Margie. |
| 700 1# - ADDED ENTRY--PERSONAL NAME | |
| Personal name | Bradford, Amy L. |
| 906 ## - LOCAL DATA ELEMENT F, LDF (RLIN) | |
| a | 7 |
| b | cbc |
| c | orignew |
| d | 3 |
| e | ncip |
| f | 20 |
| g | y-gencatlg |
| 942 ## - ADDED ENTRY ELEMENTS (KOHA) | |
| Source of classification or shelving scheme | Dewey Decimal Classification |
| Koha item type | Books |
| Withdrawn status | Lost status | Source of classification or shelving scheme | Damaged status | Not for loan | Collection code | Home library | Current library | Shelving location | Date acquired | Cost, normal purchase price | Total Checkouts | Full call number | Barcode | Date last seen | Price effective from | Koha item type |
|---|---|---|---|---|---|---|---|---|---|---|---|---|---|---|---|---|
| Dewey Decimal Classification | Non-fiction | Harvest Mission College | Harvest Mission College | General Stacks | 21.01.2019 | 250.00 | 306.87 B835s | 007789 | 21.01.2019 | 21.01.2019 | Books |
